| 000 | 00788cam a2200217 a 4500 | ||
|---|---|---|---|
| 020 | _a0072830085 (cased) | ||
| 050 | 0 | 0 |
_aHF5657.4 _b.H548 2006 |
| 100 | 1 | _aHilton, Ronald W. | |
| 245 | 1 | 0 |
_aCost management : _bstrategies for business decisions / _cRonald W. Hilton, Michael W. Maher, Frank H. Selto. |
| 250 | _a3rd ed. | ||
| 260 |
_aBoston, Mass. : _bMcGraw-Hill/Irwin, _cc2006. |
||
| 300 | _axxxvii, 914 p. : | ||
| 500 | _aIncludes Index | ||
| 650 | 0 | _bCost management | |
| 700 | 1 | _aMaher, Michael, | |
| 700 | 1 | _aSelto, Frank H. | |
| 856 | 4 | 2 | _uhttp://www.loc.gov/catdir/enhancements/fy0620/2004114730-d.html |
| 856 | 4 | 1 | _uhttp://www.loc.gov/catdir/enhancements/fy0620/2004114730-t.html |
| 856 | 4 | 2 | _uhttp://www.loc.gov/catdir/enhancements/fy0737/2004114730-b.html |
| 942 | _cGEN | ||
| 999 |
_c2851 _d2851 |
||